| 000 | 01213 a2200217 4500 | ||
|---|---|---|---|
| 005 | 20080909164358.0 | ||
| 008 | 080909t xxu||||| |||| 00| 0 hin d | ||
| 010 | _aHIN-79347 | ||
| 020 |
_a8186771530 _c195.00 |
||
| 035 | _aHN-51693 | ||
| 037 | _bD.B.Act / pub | ||
| 082 | _a362.7 | ||
| 100 | _aकटियार, श्रद्धा | ||
| 245 |
_aसमेकित बाल विकास योजनाःएक मूल्यांकन _cश्रद्धा कटियार |
||
| 246 |
_aSamekit bal vikas yojana; ek mulyankan _bby Shradha Katiyar |
||
| 260 |
_aनई दिल्ली _bसीरीयल्स पब्लिकेशन्स _c2005 |
||
| 270 |
_a4830/24, प्रहलाद गली, अंसारी रोड,दरियागंज _bनई दिल्ली _e110002 _mserials@satyam.net.in _k23245225 _l91-11-23272135 |
||
| 300 |
_ax,198पृ _b22 सेमी (सजिल्द) |
||
| 942 |
_adpl _cHN _k362.7 / कटिया _2ddc _h362.7 _mकटिया |
||
| 999 |
_c1600 _d1600 |
||